| 000 | 00556nam a22001697a 4500 | ||
|---|---|---|---|
| 005 | 20240119092703.0 | ||
| 008 | 240119b |||||||| |||| 00| 0 eng d | ||
| 020 | _a0409003301 ; 0409003581 | ||
| 041 | _aEnglish | ||
| 082 | _a349 JOU | ||
| 100 |
_aJoubert, WA _lEnglish |
||
| 245 |
_aThe Law of South Africa : Land to Libraries and Archives / _cWA Joubert |
||
| 260 |
_aDurban : _bButterworth and Company (Pty) Ltd, _c1981 |
||
| 300 |
_bvii, 527 pages ; _c26 cm. |
||
| 650 |
_aLegal practice _bLaw |
||
| 942 |
_cBK _6ALISON_BN_VRIES |
||
| 999 |
_c1254 _d1254 |
||